Antología cósmica de Olga Rodríguez Colón
Shranjeno v:
| Glavni avtor: | |
|---|---|
| Format: | Knjiga |
| Jezik: | španščina |
| Izdano: |
Ciudad de México
Frente de Afirmación Hispanista
2002
|
| Teme: | |
| Oznake: |
Označite
Brez oznak, prvi označite!
|
MARC
| LEADER | 00000nam a2200000 a 4500 | ||
|---|---|---|---|
| 001 | UCM4723 | ||
| 003 | CL-VaPUC | ||
| 008 | 020830e20020000MX |||||||||||||||||spa|d | ||
| 082 | 0 | 4 | |a Cu861 |b ARI |2 21 |
| 100 | |a Arias de la Canal, Fredo |e author |9 452443 | ||
| 245 | 1 | 0 | |a Antología cósmica de Olga Rodríguez Colón |
| 300 | |a 43 p | ||
| 942 | |c BK | ||
| 945 | |d 20020830 00:00:00 |a cmena | ||
| 260 | |a Ciudad de México |b Frente de Afirmación Hispanista |c 2002 | ||
| 600 | 0 | 7 | |a RODRIGUEZ COLON, OLGA |2 CL-VaPUC |9 471143 |
| 650 | 0 | |a Poesías cubanas |9 316897 | |
| 650 | 0 | |a Literatura cubana |9 315048 | |
| 583 | |a last modification |c 20020830 00:00:00 |k Rodrigo Vera | ||
| 999 | |c 301237 |d 301235 | ||
| 952 | |0 0 |1 0 |4 0 |6 CU_861_000000000000000_ARI_2002 |7 0 |8 A |9 360018 |a BIBEDU |b BIBEDU |d 2019-11-21 |i 3819531 |o Cu861 ARI 2002 |p 3819531 |r 2019-11-21 |w 2019-11-21 |y BK |k LIT | ||